|
|
|
|
| LEADER |
00000cam a2200000 a 4500 |
| 001 |
vtls001451026 |
| 003 |
SK-MaSNL |
| 005 |
20260301182939.0 |
| 008 |
240226s2003 xo crf 000 0 slo |
| 015 |
|
|
|a SNBA2004/02-01187
|
| 020 |
|
|
|a 8085456893
|
| 035 |
|
|
|a SNK000406321
|
| 035 |
|
|
|a urn:nbn:sk:snk-am3itek
|
| 035 |
|
|
|a 027300F1-CC53-4E31-901E-8A0766043530
|
| 035 |
|
|
|a urn:nbn:sk:snk-am00fh95
|
| 040 |
|
|
|a SNK
|b slo
|c SNK
|e AACR2
|
| 041 |
0 |
|
|a slo
|
| 044 |
|
|
|a xo
|c SK
|
| 072 |
|
7 |
|a 811.162.4
|x Slovenčina
|2 konspekt
|
| 080 |
|
|
|a 811.162.4
|2 2011
|
| 080 |
|
|
|a 81'35
|2 2011
|
| 080 |
|
|
|a 373.3
|2 2011
|
| 080 |
|
|
|a (072)
|2 2011
|
| 080 |
|
|
|a (076.3)
|2 2011
|
| 080 |
|
|
|a 81'36
|2 2011
|
| 100 |
1 |
|
|a Lukačková, Renáta
|4 aut
|9 206018
|
| 245 |
1 |
0 |
|a Budem vedieť pravopis 2
|b pre 7., 8. a 9. ročník ZŠ
|c Renáta Lukačková
|
| 250 |
|
|
|a Dotlač
|
| 260 |
|
|
|a Bratislava
|b Didaktis
|c 2003
|
| 300 |
|
|
|a 80 strán
|c 21 cm
|
| 650 |
0 |
7 |
|a slovenčina
|2 SNKPH
|9 1350
|
| 650 |
0 |
7 |
|a pravopis
|2 SNKPH
|9 868
|
| 650 |
0 |
7 |
|a základné školy
|2 SNKPH
|9 1280
|
| 650 |
0 |
7 |
|a gramatika
|2 SNKPH
|9 865
|
| 655 |
|
7 |
|a metodické príručky
|2 SNKPH
|9 70250
|
| 655 |
|
7 |
|a diktáty a cvičenia
|2 SNKPH
|9 70566
|
| 919 |
|
|
|a 80-85456-89-3
|
| 958 |
|
|
|a OND
|
| 999 |
|
|
|c 855299
|d 857229
|
| 952 |
|
|
|t P60, <04>, [BOOK], {603}
|a SNK
|b SNK
|y VYP
|7 0
|p 17A0378284
|o snkSC 111100/2
|i snkKSP 3865/2003
|0 0
|1 0
|4 0
|d 2003-03-11
|f 1
|l 0
|r 2025-10-01 00:00:00
|w 2026-02-24
|
| 952 |
|
|
|t P60, <04>, [BOOK], {604}
|a SNK
|b SNK
|y VYP
|7 0
|p 17A0378285
|o snkSC 111100/2 D1
|i snkKSP 3866/2003
|0 0
|1 0
|4 0
|d 2003-03-11
|l 0
|r 2005-01-02 00:00:00
|w 2026-02-24
|